Causas de la guerra de España / (Record no. 18049)

MARC details
000 -LEADER
campo de control de longitud fija 00615nam a2200205 i 4500
001 - NÚMERO DE CONTROL
campo de control 18049
003 - IDENTIFICADOR DE NÚMERO DE CONTROL
campo de control ES-MaACL
005 - FECHA Y HORA DE LA ÚLTIMA TRANSACCIÓN
campo de control 20231215063507.0
007 - CAMPO FIJO DE DESCRIPCIÓN FÍSICA--INFORMACIÓN GENERAL
campo de control de longitud fija t|
008 - DATOS DE LONGITUD FIJA--INFORMACIÓN GENERAL
campo de control de longitud fija 010905s2001 sp ||||1| spa d
080 ## - NÚMERO DE LA CLASIFICACIÓN DECIMAL UNIVERSAL
Número de la Clasificación Decimal Universal 946.0"1936/39"
100 1# - ENTRADA PRINCIPAL--NOMBRE DE PERSONA
Nombre de persona Moa, Pío
Fechas asociadas al nombre 1948-
Término indicativo de función/relación Autor
9 (RLIN) 226432
245 10 - MENCIÓN DEL TÍTULO
Título Causas de la guerra de España /
Mención de responsabilidad, etc. Pío Moa.
260 ## - PUBLICACIÓN, DISTRIBUCIÓN, ETC.
Lugar de publicación, distribución, etc. [S.l. :
Nombre del editor, distribuidor, etc. s.n.,
Fecha de publicación, distribución, etc. 2001]
300 ## - DESCRIPCIÓN FÍSICA
Extensión p. [351]-370 ;
Dimensiones 21 cm.
651 #4 - PUNTO DE ACCESO ADICIONAL DE MATERIA--NOMBRE GEOGRÁFICO
Nombre geográfico España-
Subdivisión general Historia-
Subdivisión cronológica 1936-1939, Guerra civil-
Subdivisión general Causas y antecedentes.
9 (RLIN) 8299
852 ## - LOCALIZACIÓN
Ubicación ES-MaACL
Número de control de estantería 2167-F-3
Sublocalización o colección R.130248
itemnumber 18588
942 ## - ELEMENTOS DE ENTRADA SECUNDARIOS (KOHA)
Fuente del sistema de clasificación o colocación Clasificación decimal universal
Holdings
Estatus retirado Estado de pérdida Fuente del sistema de clasificación o colocación Estado de daño No para préstamo Colección Biblioteca de origen Biblioteca actual Ubicación en estantería Fecha de adquisición Total de préstamos Signatura topográfica completa Código de barras Visto por última vez Precio de reemplazo Tipo de ítem Koha
    Clasificación decimal universal     Colección de folletos Biblioteca del Ateneo de Madrid Biblioteca del Ateneo de Madrid Depósito folletos 17/01/2008   2167-F-3 1018441 23/02/2023 23/02/2023 Folleto